000 00605nam a2200229Ia 4500
003 OSt
005 20220918193403.0
006 a|||||r|||| 00| 0
007 ta
008 220917b |||||||| |||| 00| 0 eng d
024 _a72,899
037 _cTextual
040 _aARTS
_cARTS
_beng
041 _2eng
_aeng
082 _aR5xM28:9, J3
100 _aKahn Sholom J
_981634
245 0 _aScience and aesthetic judgement
_b a study in Taine's critical method
260 _c1953
650 _aAESTHETICS
942 _hR5xM28:9, J3
_cTEXL
_2CC
999 _c198840
_d198840